00497nam a2200193 a 4500001001300000003000900013005001700022008004100039020001000080082001800090100001900108245003200127260004800159300000900207500003500216505001700251650001600268700001900284nice12345678IN_TiNIC20260116014223.0050524s2004 dela grp 000 0 eng  ac20000a954.0258bNAD aNadvi, M Ilyas aTipu Sultan, a Life History aDelhibInstitute of Objective Studiesc2004 a383p aincludes index and biblioraphy2 aBibliography aTipu Sultan1 aNadvi, M Ilyas